| 000 | 00521nam a2200193Ia 4500 | ||
|---|---|---|---|
| 008 | 191130s2002##################000#0#eng## | ||
| 020 | _a9780061099731 | ||
| 040 |
_aACL _cACL |
||
| 082 | _a813.54 SID | ||
| 100 | _aSiddons, Anne Rivers | ||
| 245 |
_aOuter banks _cby Anne Rivers Siddons |
||
| 260 |
_aNew York _bHarperTorch _c2002 |
||
| 300 | _a541 p. ; 18 cm. | ||
| 650 | _aFriendship | ||
| 650 | _aNorth Carolina--Outer Banks | ||
| 990 | _a49c4ed1aac10000c2652363ca8c5509c | ||
| 991 | _a292145 | ||
| 999 |
_c29916 _d29916 |
||